The limitations of investigative reporting : a history of the case of Cervantes v. Walsh and Time, Inc. /
Saved in:
| Main Author: | |
|---|---|
| Format: | Thesis Book |
| Language: | English |
| Published: |
1979.
|
| Subjects: | |
| Tags: |
Add Tag
No Tags, Be the first to tag this record!
|
| LEADER | 01061cam a2200289 4500 | ||
|---|---|---|---|
| 001 | u50689 | ||
| 003 | SIRSI | ||
| 008 | 870814s1979 us v 00 1 eng | ||
| 035 | |a AAF-4523 | ||
| 040 | |a UMU | ||
| 043 | |a n-us--- | ||
| 092 | |a K668 |b Har |d CS | ||
| 100 | 1 | 0 | |a Harris, Lyle E., |c 1939- |
| 245 | 1 | 4 | |a The limitations of investigative reporting : |b a history of the case of Cervantes v. Walsh and Time, Inc. / |c by Lyle E. Harris. |
| 260 | |c 1979. | ||
| 300 | |a iii, 314 p. ; |c 21 cm. | ||
| 500 | |a Photocopy from Ann Arbor, Mich. : University Microfilms International, 1982. | ||
| 500 | |a PUUR. | ||
| 502 | |a Thesis (Ph.D) -- University of Missouri, Columbia, 1979. | ||
| 504 | |a Bibliography: p. 302-314. | ||
| 650 | 0 | |a Reporters and reporting |z United States. | |
| 650 | 0 | |a Confidential communications |x Press |z United States. | |
| 650 | 0 | |a Libel and slander |z United States. | |
| 710 | 2 | 0 | |a University of Missouri--Columbia. |
| 948 | |a 16/03/1991 |b 06/08/2004 | ||
| 596 | |a 4 | ||
| 999 | |a K668 HAR |w LACLL |c 1 |i A503471890 |l RESTRICTED |m P04UNDANG |r N |s Y |t TESIS |u 4/7/1994 | ||
